Statistics for Podsaharska Afrika - reliefne enote

Click here to take the quiz!

General Stats

  • This quiz has been taken 108 times
  • The average score is 13 of 18

Answers on the Map

Answers color-coded by a green-red scale on the quiz's map according to % correct below.
 

Answer Stats

Answer% Correct
Čadska kotlina
85%
Sahara
85%
Etiopsko višavje
82%
Kongovska kotlina
79%
kotlina Viktorijinega jezera
79%
Zmajeve gore
79%
Kalahari
77%
Namib
77%
Kilimandžaro
72%
Okavanška kotlina
72%
Hoggar
69%
Kamerunska gora
69%
Kapsko gorovje
69%
Nigrska kotlina
69%
Ruvenzori
69%
gora Kenija
67%
Tibesti
67%
Adamavsko višavje
62%

Score Distribution

Percentile by Number Answered

Percent of People with Each Score

Your Score History

You have not taken this quiz